<?xml version="1.0" encoding="UTF-8"?>
<marc:record xmlns:marc="http://www.loc.gov/MARC21/slim">
   <marc:leader>00000nam a2200000 a 4500</marc:leader>
   <marc:datafield ind1="1" ind2=" " tag="100">
      <marc:subfield code="a">Peters, Achim</marc:subfield>
      <marc:subfield code="4">aut</marc:subfield>
      <marc:subfield code="e">Verfasser/-in</marc:subfield>
   </marc:datafield>
   <marc:datafield ind1=" " ind2=" " tag="653">
      <marc:subfield code="a">Übergewicht</marc:subfield>
   </marc:datafield>
   <marc:datafield ind1=" " ind2=" " tag="653">
      <marc:subfield code="a">Gehirn</marc:subfield>
   </marc:datafield>
   <marc:datafield ind1=" " ind2=" " tag="653">
      <marc:subfield code="a">Kalorienbedarf</marc:subfield>
   </marc:datafield>
   <marc:datafield ind1=" " ind2=" " tag="653">
      <marc:subfield code="a">Energiestoffwechsel</marc:subfield>
   </marc:datafield>
   <marc:datafield ind1=" " ind2=" " tag="653">
      <marc:subfield code="a">Hirnforschung</marc:subfield>
   </marc:datafield>
   <marc:datafield ind1="0" ind2="0" tag="245">
      <marc:subfield code="a">Das egoistische Gehirn</marc:subfield>
   </marc:datafield>
   <marc:datafield ind1="0" ind2="0" tag="245">
      <marc:subfield code="b">warum unser Kopf Diäten sabotiert und gegen den eigenen Körper kämpft</marc:subfield>
   </marc:datafield>
   <marc:datafield ind1="0" ind2="0" tag="245">
      <marc:subfield code="c">Achim Peters mit Sebastian Junge</marc:subfield>
   </marc:datafield>
   <marc:datafield ind1=" " ind2="1" tag="264">
      <marc:subfield code="a">Berlin</marc:subfield>
      <marc:subfield code="b">Ullstein</marc:subfield>
      <marc:subfield code="c">2011</marc:subfield>
   </marc:datafield>
   <marc:datafield ind1="1" ind2=" " tag="520">
      <marc:subfield code="a">Angaben aus der Verlagsmeldung

Das egoistische Gehirn : Warum unser Kopf Diäten sabotiert und gegen den eigenen Körper kämpft / von Achim Peters

Unser Gehirn ist ein egoistischer Despot. Kommt es in Versorgungsnot, können wir noch so entschlossen sein, eine Diät einzuhalten – unser egoistisches Gehirn wird etwas dagegen haben und seine eigenen Energieansprüche sogar gegen unseren Willen durchsetzen. Das hat der renommierte Hirnforscher und Internist Professor Dr. Achim Peters in weltweit einzigartigen Studien nachgewiesen. Bei Stress reicht die übliche Energie für unser Gehirn nicht aus – wir essen mehr, um es gut zu versorgen. Wenn wir uns aber an Dauerstress gewöhnen, kann das fatale Folgen haben: Wir werden dick und bekommen die überflüssigen Kilos nicht wieder los. Hier berichtet Peters erstmals, auf welchen Forschungen seine sensationellen Erkenntnisse fußen und wie das Gehirn der Schlüssel für erfolgreiche Therapien sein kann. Dieses Buch ist eine aufregende Entdeckungsreise zu uns selbst.
</marc:subfield>
   </marc:datafield>
   <marc:datafield ind1=" " ind2=" " tag="020">
      <marc:subfield code="a">9783550088544</marc:subfield>
      <marc:subfield code="9">9783550088544</marc:subfield>
   </marc:datafield>
   <marc:datafield ind1=" " ind2=" " tag="041">
      <marc:subfield code="a">ger</marc:subfield>
   </marc:datafield>
   <marc:datafield ind1=" " ind2=" " tag="300">
      <marc:subfield code="a">330 S.</marc:subfield>
   </marc:datafield>
</marc:record>
